00840nam a22001937a 450000500170000000800410001704100080005804400070006608200180007311000990009124501850019026000670037530000360044265000630047865000750054171000130061671000090062971000080063820150708142943.0140325s2012 ck ado gr|||||000 0|spa d aspa ack04a333.72bC718e1 aMinisterio de Ambiente y Desarrollo SosteniblebMinisterio de Ambiente y Desarrollo Sostenible11a"Experiencias significativas de participación ciudadana y conocimiento tradicional en la gestión ambiental"cMinisterio de Ambiente y Desarrollo Sostenible, Ecofondo, UPND, GEF3 aBogotábMinisterio de Ambiente y Desarrollo Sosteniblec2012 a52 p.bil., fot., tablasc28 cm 4aGestión ambientalx Participación ciudadanaz Colombia 4aProtección del medio ambientex Participación ciudadanaz Colombia2 aEcofondo2 aUPND2 aGEF